Top 10 Largest U.S. States by Population with an Empty Map - Statistics

General Stats
  • This quiz has been taken 956 times
  • The average score is 9 of 10
Answers on the Map
Answers color-coded by a green-red scale on the quiz's map according to % correct below.
 
Answer Stats
Population State % Correct
39.3 mil California
100%
27.9 mil Texas
100%
20.6 mil Florida
99%
19.7 mil New York
98%
12.8 mil Illinois
89%
11.6 mil Ohio
86%
12.7 mil Pennsylvania
85%
10.3 mil Georgia
83%
9.9 mil Michigan
83%
10.1 mil North Carolina
77%
No matching quizzes found
Score Distribution
Percent of People with Each Score
Percentile by Number Answered
Your Score History
You have not taken this quiz